Southville International School and Colleges
Your cart is empty.
  • Cart
  • Lists
    Public lists Eva Luna New books Lux_list list_1
    Your lists Log in to create your own lists
  • Log in to your account
  • Your cookies
  • Search history
Southville International School and Colleges
  • Advanced search
  • Recent comments
  • Most popular
  • Libraries

Log in to your account

Log in with GOOGLE


If you do not have an external account, but do have a local account, you can still log in:

  1. Home
  2. MARC view: Scholastic Bookfiles:
Normal view MARC view ISBD view

Scholastic Bookfiles: (Record no. 288001)

[ view plain ]
MARC details
000 -LEADER
fixed length control field 00676nam a2200181Ia 4500
008 - FIXED-LENGTH DATA ELEMENTS--GENERAL INFORMATION
fixed length control field 150610s9999 xx 000 0 und d
020 ## - INTERNATIONAL STANDARD BOOK NUMBER
International Standard Book Number 0 43946336X
050 ## - LIBRARY OF CONGRESS CALL NUMBER
Classification number PS3569
Item number .A226 H6538 2003
100 ## - MAIN ENTRY--PERSONAL NAME
Personal name Vescia, Monique
245 ## - TITLE STATEMENT
Title Scholastic Bookfiles:
Remainder of title a reading guide to Holes by Louis Sachar /
Statement of responsibility, etc Monique Vescia.
260 ## - PUBLICATION, DISTRIBUTION, ETC. (IMPRINT)
Place of publication, distribution, etc New York :
Name of publisher, distributor, etc Scholastic Inc.,
Date of publication, distribution, etc 2003.
300 ## - PHYSICAL DESCRIPTION
Extent 64pages ;
Dimensions 21 cm.
504 ## - BIBLIOGRAPHY, ETC. NOTE
Bibliography, etc Includes bibliographical references.
520 ## - SUMMARY, ETC.
Summary, etc Juvenile literature.
650 ## - SUBJECT ADDED ENTRY--TOPICAL TERM
Topical term or geographic name as entry element Boys in literature
Topical term following geographic name as entry element Juvenile literature.
650 ## - SUBJECT ADDED ENTRY--TOPICAL TERM
Topical term or geographic name as entry element Friendship in literature
General subdivision Juvenile literature.
650 ## - SUBJECT ADDED ENTRY--TOPICAL TERM
Topical term or geographic name as entry element Homeless persons in literature
General subdivision Juvenile literature.
Holdings
Withdrawn status Lost status Damaged status Home library Current library Shelving location Date acquired Total Checkouts Full call number Barcode Date last seen Price effective from Koha item type
      Stonyhurst Southville International School (Batangas) Stonyhurst Southville International School (Batangas) High School Section 06/10/2015   PS3569 .A226 H6538 2003 US-1540 06/10/2015 06/10/2015 Books

Scholastic Bookfiles:

APA

Vescia M., . (2003). Scholastic Bookfiles. New York: Scholastic Inc.

Chicago

Vescia Monique, . 2003. Scholastic Bookfiles. New York: Scholastic Inc.

Harvard

Vescia M., . (2003). Scholastic Bookfiles. New York: Scholastic Inc.

MLA

Vescia Monique, . Scholastic Bookfiles. New York: Scholastic Inc. 2003.

  • Place hold
  • Print
  • Cite
  • Add to your cart (remove)
  • Save record
    BIBTEX Dublin Core MARCXML MARC (non-Unicode/MARC-8) MARC (Unicode/UTF-8) MARC (Unicode/UTF-8, Standard) MODS (XML) RIS
  • More searches
    Search for this title in:
    Other Libraries (WorldCat) Other Databases (Google Scholar) Online Stores (Bookfinder.com) Open Library (openlibrary.org)

Exporting to Dublin Core...

SOUTHVILLE LIBRARY

Southville International School and Colleges Library

1281 Tropical Ave. Cor. Luxembourg St., BF Homes International, Las Pinas City

Tel. No. 8256374 / 252358 Loc. 117/146

Powered by Koha